000 00608nam a2200181Ia 4500
005 20260429112247.0
008 260429s9999||||xx |||||||||||||| ||und||
020 _a9789349162568
041 _aHindi
082 _a891.433
_bSIN
100 _aसिंह, श्रीकांत
245 0 _aतुलसी साहित्य में लोक सौंदर्य /
_cश्रीकांत सिंह
250 _a1st ed.
260 _aनई दिल्ली :
_bप्रकाशन संस्थान,
_c2025.
300 _aviii, 271 p.; Hb
650 _aNovel
942 _cTB
999 _c53181
_d53181